000 00400nam a2200145Ia 4500
008 231217s9999 xx 000 0 und d
041 _aEnglish
082 _a001.6424 NEG2;1 R
100 _aNegus, Christopher Weeks, Thomas
245 0 _aLinux trouble shooting bible
260 _c2004
_bWiley Dreamtech
_aNew Delhi
300 _axx+598
650 _aLinux,trouble,shooting,bible
942 _cAA
999 _c176031
_d176031